Polémica sobre marxismo y humanismo
Guardat en:
| Autor principal: | |
|---|---|
| Format: | Llibre |
| Idioma: | Undetermined |
| Publicat: |
México, Distrito Federal
Siglo XXI
1972
|
| Edició: | 3 |
| Matèries: | |
| Etiquetes: |
Afegir etiqueta
Sense etiquetes, Sigues el primer a etiquetar aquest registre!
|
MARC
| LEADER | 00000nam a2200000Ia 4500 | ||
|---|---|---|---|
| 008 | 170316s9999 xx 000 0 und d | ||
| 040 | |a cru BVZT | ||
| 090 | |a 100 A-13po | ||
| 100 | |a Althusser, Louis | ||
| 245 | |a Polémica sobre marxismo y humanismo |c / Louis, Althusser | ||
| 250 | |a 3 | ||
| 260 | |a México, Distrito Federal |b Siglo XXI |c 1972 | ||
| 300 | |a 199 páginas | ||
| 520 | |b Serie de discusiones sobre la disputa de la relación entre el “humanismo” y el “marxismo”, iniciadas por Althusser, pero atizadas por una serie de filósofos marxistas contemporáneos. El punto de partida lo da Althusser con la publicación del artículo académico: Marxismo y humanismo, alrededor del cual se desencadena un debate iniciado por el filósofo Michel Simon y llevado hasta una variedad de ambientes intelectuales y políticos de la Francia de los años sesenta. En la presente edición se compila los artículos de Althusser, Simon, Jorge Semprun y Michel Verret, respecto a sus diferentes posiciones sobre la relación que existe, o no, entre ambas doctrinas filosóficas. Entre algunas cuestiones, se discute la relación entre ambas con la tesis althusseriana de la ideología, el humanismo en sociedades socialistas, así como la universalidad y las profundidades de la existencia humana. Incluye una sección de correspondencia entre los autores, respecto de la controversia. | ||
| 650 | |a FILOSOFÍA |9 5 | ||
| 650 | |a POLÍTICA |9 77 | ||
| 650 | |a MARXISMO | ||
| 650 | |a ALTHUSSER | ||
| 999 | |c 37 |d 37 | ||
| 942 | |c 15 D |h 100 A-13po |2 z | ||
